| 000 | 01370nam a2200397 c 4500 | ||
|---|---|---|---|
| 003 | BLK | ||
| 005 | 20240708110553.0 | ||
| 008 | 180409b bul|||||r ||||||| ||bul|| | ||
| 010 | _aKNG00136117000 | ||
| 020 |
_a978-0-19-478730-7 _bиздат.: Oxford Univ. Press |
||
| 040 | _aBLK | ||
| 041 |
_aENG _cENG |
||
| 072 | 7 |
_2bullib _aН80 _xЕзикознание Н |
|
| 080 |
_aАнглийски език _b811.111 _x(075.4) _z811.111(075.4) |
||
| 080 |
_aКакао. Шоколад _b663.91 _x(02.062) _z663.91(02.062) |
||
| 100 | 1 |
_aHardy-Gould, Janet _eпърви автор _912395 |
|
| 139 |
_aHardy-Gould, Janet _bH 25 |
||
| 245 | 1 | 0 |
_aChocolate _bStage 2 _cJanet Hardy-Gould. |
| 257 | _aGBR | ||
| 260 |
_аOxford _bOxford Univ. Press _c2011 _fPrint. in China |
||
| 300 |
_a56 p. _bil. _c20 см _eCD |
||
| 380 | _a80 | ||
| 490 | 1 | _aFactfiles | |
| 500 | _aCD със сигн. Цб CD 3209 и инв. № 4904 | ||
| 650 | 4 |
_aАнглийски език - текстове, адаптирани _9241528 |
|
| 653 | _aанглийски език | ||
| 653 | _aадаптирани книги | ||
| 653 | _aшоколад | ||
| 659 | _aН | ||
| 852 | _aЦб 257047 | ||
| 856 | 4 |
_qpdf _u |
|
| 856 | 4 |
_qpdf _u |
|
| 942 |
_cKNG _n0 _07 |
||
| 944 |
_aCR _c13.11.2012 _k30556 _lТеодора Пейчева-Дянкова |
||
| 944 |
_aED _c17.01.2013 _k |
||
| 999 |
_c130352 _d130352 |
||